• 首页
  • 本馆介绍
  • 公告通知
  • 最新文献
  • 馆藏检索
  • 电子资源
  • 读者导购
  • 参考咨询
  • 我的图书馆
  • 登录
  • 详细信息显示
  • 放入我的书架
  • 预约/预借图书
  • 作者相关作品
  • 分类相关作品
  • 丛书相关作品
  • 出版社相关作品

书目信息

  • 表格格式
  • 工作单格式
  • 卡片格式
题名:
图论及其应用
    
 
作者: 邦迪 , Bondy , 默蒂 , Murty 著 ;吴望名 等译
分册:  
出版信息: 北京   科学出版社  1984
页数: 284页
开本: 21cm
丛书名:
单 册:
中图分类: O157.5 , O157.6
科图分类:
主题词: 图论 , 代数 , 数论 , 组合数学
电子资源:
ISBN:
000 01007nam0 2200361 45
001 0184002044
005 20040518084819.4
010    @dCNY1.70
091    @a13031.2545
100    @a19950623d1984 em y0chiy0121 ea
101 1  @achi@ceng
102    @aCN@b110000
105    @ay z000yy
106    @ar
200 10 @a图论及其应用@Atu lun ji qi ying yong@f(美)邦迪(J.A.Bondy), (美)默蒂(U.S.R.Murty)著@g吴望名等译
210    @a北京@c科学出版社@d1984
215    @a284页@d21cm
300    @a书名原文:Graph theory with applications
510 1  @aGraph theory with applications@zeng
606    @a图论
606 0  @a代数
606 0  @a数论
606 0  @a组合数学
690    @aO157.5@v3
690    @aO157.6
701  1 @a邦迪@Abang di@bJ.A.@4著
701 A1 @aBondy@bJ.A.@4著
701  1 @a默蒂@Amo di@bU.S.R.@4著
701 A1 @aMurty@bU.S.R.@4著
702  0 @a吴望名@Awu wang ming@4等译
801  0 @aCN@b上海图书馆@c20040518
801  2 @aCN@bNLC@c20040518
905    @f1@b109886@dO157.6@e26
    
    图论及其应用/(美)邦迪(J.A.Bondy), (美)默蒂(U.S.R.Murty)著/吴望名等译.-北京:科学出版社,1984
    284页;21cm
    书名原文:Graph theory with applications
    
    ISBN :CNY1.70
    
●
相关链接 在E读中查询图书 在五车中查询图书 在当当中查询图书 在豆瓣中查询图书


正题名:图论及其应用     索取号:O157.6/26         预约/预借

序号 登录号 条形码 馆藏地/架位号 状态 备注
1 0109886   000415205   第三借阅区/ [索取号:O157.6/26] 在馆    
2 0109887   202097355   第二样本阅览室/ [索取号:O157.6/26] 在馆    
唐山师范学院图书馆 欢迎您!
大连网信软件有限公司© 版权所有